[Event "SLO-ch U14"]
[Site "Murska Sobota"]
[Date "2007.02.27"]
[Round "4"]
[White "Hajna, Tadej"]
[Black "Krajnc, David"]
[Result "1-0"]
[WhiteElo "1509"]
[BlackElo "1500"]
[PlyCount "97"]
[EventDate "2007.02.25"]
[EventType "swiss"]
[EventRounds "9"]
[EventCountry "SLO"]
[SourceTitle "CBM 117 Extra"]
[Source "ChessBase"]
[SourceDate "2007.05.09"]
[SourceVersion "1"]
[SourceVersionDate "2007.05.09"]
[SourceQuality "1"]

1. e4 e5 2. Nf3 Nc6 3. c3 Bc5 4. d4 exd4 5. cxd4 Bb4+ 6. Bd2 Bxd2+ 7. Nbxd2 d6 8. Bc4 h6 9. 0-0 Qf6 10. e5 Qd8 11. Qb3 Qe7 12. Rfe1 d5 13. Bxd5 Be6 14. Bxc6+ bxc6 15. Qb7 Qd8 16. Qxc6+ Bd7 17. Qc3 Ne7 18. Qa5 Nc6 19. Qc3 0-0 20. Nb3 Ne7 21. Qc5 Bc6 22. Rac1 Rc8 23. Nfd2 a6 24. Nc4 Ba8 25. Ne3 Nd5 26. Nxd5 Bxd5 27. Rc3 c6 28. Na5 Qg5 29. Rg3 Qd2 30. Qc3 Qf4 31. Nc4 h5 32. Nb6 h4 33. Nxd5 cxd5 34. Rf3 Rxc3 35. Rxf4 g5 36. Rf3 Rc2 37. Rb3 f6 38. f3 Kg7 39. e6 Re8 40. Rb7+ Kg6 41. a3 Kf5 42. Rd7 Rxe6 43. Rxd5+ Re5 44. dxe5 h3 45. exf6+ Kxf6 46. gxh3 Rxb2 47. Rd6+ Kf5 48. Rxa6 Kf4 49. Rf6# 1-0

[Event "SLO-ch U14"]
[Site "Murska Sobota"]
[Date "2007.02.26"]
[Round "3"]
[White "Krajnc, David"]
[Black "Jan, Domen"]
[Result "1-0"]
[WhiteElo "1500"]
[BlackElo "1500"]
[PlyCount "35"]
[EventDate "2007.02.25"]
[EventType "swiss"]
[EventRounds "9"]
[EventCountry "SLO"]
[SourceTitle "CBM 117 Extra"]
[Source "ChessBase"]
[SourceDate "2007.05.09"]
[SourceVersion "1"]
[SourceVersionDate "2007.05.09"]
[SourceQuality "1"]

1. e4 e5 2. Nf3 d6 3. Bc4 Be7 4. d3 Nf6 5. Nc3 c6 6. 0-0 0-0 7. a3 d5 8. Ba2 d4 9. Ne2 Bd6 10. Bd2 Bg4 11. Ng3 Nbd7 12. h3 Bxf3 13. Qxf3 Qb6 14. Rfe1 Nc5 15. Bg5 Be7 16. Nf5 g6 17. Nxe7+ Kg7 18. Qxf6# 1-0